Normal view
MARC view
Entry Topical Term
001 - CONTROL NUMBER
- control field: 2246
003 - CONTROL NUMBER IDENTIFIER
- control field: BD-RjUL
005 - DATE AND TIME OF LATEST TRANSACTION
- control field: 20220404115947.0
008 - FIXED-LENGTH DATA ELEMENTS
- fixed length control field: 220404|| aca||aabn | a|a d
040 ## - CATALOGING SOURCE
- Original cataloging agency: BD-RjUL
- Transcribing agency: BD-RjUL
150 ## - HEADING--TOPICAL TERM
- Topical term or geographic name entry element: চীনা কবিতা
670 ## - SOURCE DATA FOUND
- Source citation: Work cat.: (BD-RjUL)79661: মোহান্ত, গৌরাঙ্গ 2245, ঝলকে ওঠা স্বপ্নডাঙা /, ২০১৬